| 000 | 00747nam a2200241Ia 4500 | ||
|---|---|---|---|
| 003 | OSt | ||
| 005 | 20260203170807.0 | ||
| 008 | 220923b |||||||| |||| 00| 0 eng d | ||
| 020 | _a8172201400 | ||
| 037 | _cGeneral Book | ||
| 040 |
_aRTL _cRTL _beng |
||
| 041 |
_2eng _aeng |
||
| 084 |
_a Y:44.2.P, P2 _q RTL |
||
| 100 |
_aLal Bhure _9310188 |
||
| 245 | 0 | _aCorruption: functional anarchy in governance | |
| 260 |
_a New Delhi _bSiddharth Publications India _c2002 |
||
| 300 |
_ax, 239 p. _b Includes bibliographical references and index |
||
| 500 | _aBibliography Chapterwise | ||
| 650 |
_aCurruption _9310189 |
||
| 650 |
_a Sociology _91113473 |
||
| 942 |
_hY:44.2.P, P2 _cGB _2CC _n0 |
||
| 999 |
_c613667 _d613667 |
||